|
|
แสดงรายละเอียดบรรณานุกรม |
|
|
Brief Record
: Get Marc (ISO 2709)
: E-mail record
: |
|
|
|
| LEADER 00000nam 2200000uu 4500 | |||
| 001 209531 | |||
| 003 ULIBM | |||
| 008 140328s2556||||th 000 0 tha d | |||
| 020 ^a9789740328612 | |||
| 040 ^abcnkk | |||
| 041 0 ^atha | |||
| 060 04 ^aWY160^bอ332ก 2556 | |||
| 100 0 ^aอรพรรณ ลือบุญธวัชชัย | |||
| 245 10 ^aการพยาบาลสุขภาพจิตและจิตเวช /^cอรพรรณ ลือบุญธวัชชัย | |||
| 246 0 ^aตำราการพยาบาลสุขภาพจิตและจิตเวช | |||
| 250 ^aพิมพ์ครั้งที่ 5 | |||
| 260 ^aกรุงเทพฯ :^bสำนักพิมพ์แห่งจุฬาลงกรณ์มหาวิทยาลัย,^c2556 | |||
| 300 ^a390 หน้า :^c21 ซม. | |||
| 650 4 ^aการพยาบาลจิตเวชศาสตร์ | |||
| 650 4 ^aผู้ป่วยจิตเวช^xการดูแล | |||
| 650 4 ^aสุขภาพจิต | |||
| 650 4 ^aตำราการพยาบาลสุขภาพจิตและจิตเวช | |||
| 999 ^aใช้งานได้ทุกระบบ | |||
| คุณยังไม่ได้ล็อกอิน คุณสามารถมีกิจกรรมร่วมกับเว็บไซต์ได้ แต่ต้องล็อกอินก่อน :: |
|
| สถานะ | |||||||||
| 1. | หนังสือสำรอง | WY160 อ332ก 2556 | On Shelf ขอยืม | ||||||
| Note:ปีงบประมาณ2557 | |||||||||
| 2. | การพยาบาล (ตำราหลัก) | WY160 อ332ก 2556 ฉ.2 | On Shelf ขอยืม | ||||||
| Note:ปีงบประมาณ2557 | |||||||||
| 3. | การพยาบาล (ตำราหลัก) | WY160 อ332ก 2556 ฉ.3 | On Shelf ขอยืม | ||||||
| Note:ปีงบประมาณ2557 | |||||||||
| 4. | การพยาบาล (ตำราหลัก) | WY160 อ332ก 2556 ฉ.4 | On Shelf ขอยืม | ||||||
| Note:ปีงบประมาณ2557 | |||||||||
| 5. | การพยาบาล (ตำราหลัก) | WY160 อ332ก 2556 ฉ.5 | On Shelf ขอยืม | ||||||
| Note:ปีงบประมาณ2557 | |||||||||
| 6. | การพยาบาล (ตำราหลัก) | WY160 อ332ก 2556 ฉ.6 | On Shelf ขอยืม | ||||||
| Note:ปีงบประมาณ2557 | |||||||||
| 7. | การพยาบาล (ตำราหลัก) | WY160 อ332ก 2556 ฉ.7 | On Shelf ขอยืม | ||||||
| Note:ปีงบประมาณ2557 | |||||||||
| 8. | การพยาบาล (ตำราหลัก) | WY160 อ332ก 2556 ฉ.8 | On Shelf ขอยืม | ||||||
| Note:ปีงบประมาณ2557 | |||||||||
| 9. | การพยาบาล (ตำราหลัก) | WY160 อ332ก 2556 ฉ.9 | On Shelf ขอยืม | ||||||
| Note:ปีงบประมาณ2557 | |||||||||
| 10. | การพยาบาล (ตำราหลัก) | WY160 อ332ก 2556 ฉ.10 | On Shelf ขอยืม | ||||||
| Note:ปีงบประมาณ2557 | |||||||||
| [แสดง 10/10 รายการ] | |||||||||
BibComment |
| คอมเมนท์ทรัพยากรรายการนี้ |
|
|